[Event "HCL-C205"]
[Site "www.playchess.de"]
[Date "2001.03.09"]
[Round "1"]
[White "patzer"]
[Black "Brazil"]
[WhiteElo "1251"]
[BlackElo "1800"]
[PlyCount "84"]
[Result "0-1"]

1.e4 c5 2.Nf3 Nc6 3.Bb5 g6 4.O-O Bg7 5.Re1 d6 
6.Nc3 a6 7.Bxc6+ bxc6 8.d3 Bg4 9.Bd2 Rb8 10.h3 
Bxf3 11.Qxf3 Rxb2 12.Rab1 Rxb1 13.Rxb1 Nf6 14.Na4 
Nd7 15.Be3 O-O 16.Qg4 e6 17.Qg3 Be5 18.Qg5 Qxg5 
19.Bxg5 Rb8 20.Rxb8+ Nxb8 21.Nb6 f6 22.Be3 Bd4 
23.Bxd4 cxd4 24.Nc4 d5 25.exd5 cxd5 26.Nd2 Nc6 
27.f3 Nb4 28.Nb3 e5 29.Nc5 Nxa2 30.Nxa6 Nc3 31.Kf2 
Kf7 32.Nc7 Ke7 33.g4 Kd7 34.Na6 Kd6 35.Nb4 h5 
36.Kg3 Ne2+ 37.Kf2 Nf4 38.Kg3 h4+ 39.Kxh4 Ne2 
40.g5 f5 41.Na6 e4 42.fxe4 dxe4 0-1

[Event "HCL-A096"]
[Site "www.playchess.de"]
[Date "2001.03.09"]
[Round "1"]
[White "Flemming"]
[Black "Kasparovjr"]
[WhiteElo "1946"]
[BlackElo "1912"]
[PlyCount "39"]
[Result "1/2-1/2"]

1.d4 {Welcome to the Scandinavian encounter. Vi 
kan vel kommunikere på dansk/norsk?}  Nf6 {Det kan 
vi. Gleder meg til å spille "hurtig" corr. sjakk.} 
 2.c4 {Også jeg!}  g6 3.Nc3 {Pænt spil du havde 
mod Klypp. Synd du overser hans 
angrebsmuligheder.}  d5 {Har du sett analysen? Han 
må være svært sterk, tror ikke han har tapt et 
eneste parti her på playche}  4.Nf3 {Jeg har set 
analysen.}  Bg7 {Du er ikke så verst selv heller 
tror jeg ELO 2090 eller noe sånt}  5.Qb3 dxc4 
6.Qxc4 O-O 7.e4 Nc6 8.Be2 Bg4 9.Be3 Bxf3 10.Bxf3 
e5 11.d5 Nd4 12.Bd1 {Nice move - I missed that 
one!}  c6 {You are still doing fine, though. This 
is what i like about Grunfeld, all the tactical 
plots.}  13.dxc6 Nxc6 {Jeg synes vi står ganske 
likt, eller hva?}  14.O-O {Ja det ser lige ud nu}  
a6 15.Bb3 Na5 16.Qb4 Nxb3 17.Qxb3 b5 {Overraskende 
nok det eneste trekket. Jeg ser du allerede leder 
turneringen.}  18.Rad1 {Ja - men på en billig 
baggrund, som du kan se af min annotering!}  Qc7 
{Ja, jeg tror jeg vinner mot ham jeg også.}  
19.Nd5 Nxd5 20.Rxd5 {Jeg bruger for meget tid på 
det her, så jeg prøver at afslutte nogle partier!} 
 1/2-1/2

[Event "HCL-C061"]
[Site "www.playchess.de"]
[Date "2001.03.09"]
[Round "3"]
[White "MMSteve"]
[Black "Robama"]
[WhiteElo "1000"]
[BlackElo "1000"]
[PlyCount "44"]
[Result "0-1"]

1.d4 e6 2.Nf3 Bb4+ 3.Qd2 Qe7 4.a3 Bxd2+ 5.Bxd2 Qd6 
6.e3 Qb6 7.Ra2 Nf6 8.Bb4 Qc6 9.Ne5 Qxc2 10.Be2 
Qxb1+ 11.Kd2 Qxa2 12.Bb5 Qxb2+ 13.Ke1 Qb1+ 14.Ke2 
Qxh1 15.Bxd7+ Nbxd7 16.Be1 Nxe5 17.dxe5 Ng4 18.h3 
Nxe5 19.g3 O-O 20.h4 Rd8 21.Ba5 b6 22.Bc3 
Ba6+ 0-1

[Event "HCL-C061"]
[Site "www.playchess.de"]
[Date "2001.03.09"]
[Round "4"]
[White "thot"]
[Black "Nunogomez"]
[WhiteElo "1000"]
[BlackElo "847"]
[PlyCount "33"]
[Result "1-0"]

1.e4 e5 2.Nf3 Nc6 3.d4 exd4 4.Qxd4 Nxd4 5.Nxd4 d5 
6.Bd3 dxe4 7.Bb5+ c6 8.Ba4 Qa5+ 9.Bd2 Qxa4 10.Nc3 
Qxd4 11.f3 exf3 12.gxf3 Bb4 13.O-O-O Bxc3 14.Bxc3 
Qf4+ 15.Rd2 Qxf3 16.Rhd1 Ne7 17.R2d8+ 1-0

[Event "HCL-C061"]
[Site "www.playchess.de"]
[Date "2001.03.09"]
[Round "5"]
[White "Nunogomez"]
[Black "MMSteve"]
[WhiteElo "847"]
[BlackElo "1000"]
[PlyCount "27"]
[Result "1-0"]

1.e4 Nf6 2.e5 Nd5 3.c4 Nb6 4.d4 d6 5.Nc3 f6 6.c5 
Nc6 7.cxb6 axb6 8.Bb5 Ra5 9.d5 Bd7 10.dxc6 bxc6 
11.b4 Rxb5 12.Nxb5 cxb5 13.exf6 gxf6 
14.Qh5+ 1-0

[Event "HCL-C061"]
[Site "www.playchess.de"]
[Date "2001.03.09"]
[Round "7"]
[White "Cally"]
[Black "thot"]
[WhiteElo "1000"]
[BlackElo "1000"]
[PlyCount "41"]
[Result "1-0"]

1.d4 Nc6 2.Nf3 d5 3.Nc3 Nf6 4.e3 e5 5.Bd3 e4 
6.Nxe4 Bf5 7.O-O Be7 8.Nh4 Bg4 9.f3 Bh5 10.Ng3 g6 
11.Nhf5 gxf5 12.Nxf5 Bf8 13.b3 Nb4 14.Be2 Qd7 
15.Ng3 Bg6 16.c4 dxc4 17.Bxc4 Nfd5 18.e4 Nc3 
19.Qd2 Ncxa2 20.Ba3 O-O-O 21.d5 1-0

[Event "HCL-C061"]
[Site "www.playchess.de"]
[Date "2001.03.09"]
[Round "9"]
[White "Cally"]
[Black "Robama"]
[WhiteElo "1000"]
[BlackElo "1000"]
[PlyCount "82"]
[Result "0-1"]

1.g4 e6 2.Nf3 Nc6 3.Nc3 Nh6 4.d3 Nxg4 5.Bh3 h5 
6.Bd2 Qe7 7.Bg5 Qb4 8.Bd2 Qxb2 9.Qb1 Qa3 10.Nb5 
Qa4 11.Bf4 Bb4+ 12.Bd2 Ba5 13.Nc3 Qa3 14.Nb5 Qa4 
15.Bc3 Nb4 16.Nxc7+ Bxc7 17.Bxb4 a5 18.Bc3 b5 
19.Bg2 O-O 20.O-O b4 21.Bd2 Ra6 22.Bc1 Rc6 23.Nd4 
Rd6 24.e3 Ba6 25.a3 e5 26.axb4 Qxb4 27.Bb2 exd4 
28.Ba3 Qc3 29.Bxd6 Bxd6 30.Qb6 Bxh2+ 31.Kh1 Bc8 
32.Qxd4 Qxc2 33.Rxa5 Be5 34.Rxe5 Nxe5 35.Qxe5 Qxd3 
36.Qxh5 Bb7 37.Bxb7 Qxf1+ 38.Kh2 Qxf2+ 39.Kh1 Re8 
40.Qh3 Rxe3 41.Qh2 Re1+ 0-1

[Event "HCL-C061"]
[Site "www.playchess.de"]
[Date "2001.03.09"]
[Round "10"]
[White "Nunogomez"]
[Black "Cally"]
[WhiteElo "847"]
[BlackElo "1000"]
[PlyCount "65"]
[Result "1-0"]

1.e4 Nf6 2.e5 Nd5 3.d4 d6 4.f4 f6 5.exf6 exf6 
6.Qh5+ g6 7.Qxd5 Qd7 8.Qe4+ Qe7 9.Qxe7+ Bxe7 
10.Nc3 Nc6 11.Bb5 Bd7 12.Bxc6 bxc6 13.d5 cxd5 
14.Nxd5 Bd8 15.Bd2 Bc6 16.c4 f5 17.Ba5 Rb8 18.b4 
Ba4 19.Nf3 c6 20.Nc7+ Kd7 21.Na6 Re8+ 22.Kf2 Bf6 
23.Nxb8+ Kc8 24.Rae1 Rf8 25.Na6 Bc3 26.Re7 d5 
27.Rc7+ Kd8 28.Rxa7+ Kc8 29.Ra8+ Kb7 30.Rxf8 Kxa6 
31.Bc7 Kb7 32.Rf7 dxc4 33.Be5+ 1-0

[Event "HCL-C061"]
[Site "www.playchess.de"]
[Date "2001.03.09"]
[Round "12"]
[White "Mohrni"]
[Black "MMSteve"]
[WhiteElo "1000"]
[BlackElo "1000"]
[PlyCount "33"]
[Result "1-0"]

1.e4 e5 2.Nf3 d6 3.Bc4 Bg4 4.Nc3 Qf6 5.d3 Qg6 
6.Nd5 Bxf3 7.Qxf3 Na6 8.Bxa6 c6 9.Nc7+ Kd8 10.Nxa8 
Kc8 11.Bc4 Nf6 12.Be3 Ne8 13.Bxf7 Qf6 14.Bxa7 Nc7 
15.Nb6+ Kd8 16.Qf5 g6 17.Qd7+ 1-0

[Event "HCL-C061"]
[Site "www.playchess.de"]
[Date "2001.03.09"]
[Round "15"]
[White "Cally"]
[Black "Mohrni"]
[WhiteElo "1000"]
[BlackElo "1000"]
[PlyCount "42"]
[Result "0-1"]

1.d4 d5 2.Nc3 Nf6 3.Nf3 Bf5 4.e3 Nc6 5.Bd3 Bg4 
6.O-O e6 7.e4 Nxd4 8.Bb5+ c6 9.Be3 Nxb5 10.g3 dxe4 
11.Nxe4 Nxe4 12.h3 Bxh3 13.Re1 Qf6 14.Qe2 Bd6 
15.Ng5 Bf5 16.b3 Nxg5 17.c4 Bb4 18.Bd2 Bxd2 
19.Red1 Nc3 20.Qxd2 Nf3+ 21.Kf1 
Bh3+ 0-1

[Event "HCL-C061"]
[Site "www.playchess.de"]
[Date "2001.03.09"]
[Round "17"]
[White "MMSteve"]
[Black "Zzax"]
[WhiteElo "1000"]
[BlackElo "1129"]
[PlyCount "54"]
[Result "0-1"]

1.Nf3 d5 2.d4 Nf6 3.Nc3 Bf5 4.Ng5 h6 5.Nge4 Nxe4 
6.Nxe4 Bxe4 7.f3 Bg6 8.Bf4 e6 9.e3 Bd6 10.Bb5+ c6 
11.Bd3 Bxd3 12.Qxd3 Bxf4 13.exf4 Qd6 14.O-O Nd7 
15.Qb3 Nb6 16.Rae1 Qxf4 17.Re2 Qxd4+ 18.Rff2 Qd1+ 
19.Rf1 Qxe2 20.Qd3 Qxd3 21.cxd3 O-O 22.h3 Rfd8 
23.a4 Nxa4 24.Rb1 c5 25.b3 Nc3 26.Rc1 Ne2+ 27.Kf1 
Nxc1 0-1

[Event "HCL-C061"]
[Site "www.playchess.de"]
[Date "2001.03.09"]
[Round "18"]
[White "Zzax"]
[Black "Robama"]
[WhiteElo "1129"]
[BlackElo "1000"]
[PlyCount "43"]
[Result "1-0"]

1.e4 e6 2.d4 Bb4+ 3.c3 Ba5 4.f4 Qh4+ 5.g3 Qf6 
6.Nf3 Nc6 7.Bg2 Nh6 8.O-O O-O 9.a4 b6 10.b4 Nxb4 
11.cxb4 Bxb4 12.Ba3 Bd6 13.e5 Qf5 14.exd6 cxd6 
15.Bxd6 Ng4 16.Nh4 Qxf4 17.Rxf4 Ne3 18.Qf3 Nxg2 
19.Nxg2 g5 20.Bxf8 Rb8 21.Qh5 Kxf8 
22.Qxf7+ 1-0

[Event "HCL-C061"]
[Site "www.playchess.de"]
[Date "2001.03.09"]
[Round "19"]
[White "Nunogomez"]
[Black "Zzax"]
[WhiteElo "847"]
[BlackElo "1129"]
[PlyCount "33"]
[Result "1/2-1/2"]

1.e4 d5 2.exd5 Qxd5 3.Nc3 Qa5 4.d4 Nf6 5.Bd2 Nc6 
6.Nb5 Qb6 7.Nf3 a6 8.Na3 Nxd4 9.Nxd4 Qxd4 10.Bc3 
Qxd1+ 11.Rxd1 Bf5 12.Bd3 Bg6 13.Bxg6 hxg6 14.Bxf6 
gxf6 15.Nc4 Rd8 16.O-O Rxd1 17.Rxd1 1/2-1/2

[Event "HCL-C061"]
[Site "www.playchess.de"]
[Date "2001.03.09"]
[Round "20"]
[White "Zzax"]
[Black "Cally"]
[WhiteElo "1129"]
[BlackElo "1000"]
[PlyCount "51"]
[Result "1-0"]

1.e4 Nf6 2.e5 Nd5 3.d4 d6 4.Nf3 Nc6 5.c4 Be6 
6.cxd5 Bxd5 7.Nc3 e6 8.Bb5 Qd7 9.Nxd5 O-O-O 10.Nc3 
a6 11.Bxc6 Qxc6 12.O-O f6 13.Qb3 d5 14.Bd2 fxe5 
15.Nxe5 Qe8 16.Rac1 Bd6 17.f4 g5 18.fxg5 h6 19.Nf7 
Rg8 20.Nxd8 Kxd8 21.Qd1 hxg5 22.Qg4 Bb4 23.Rce1 
Bd6 24.Bxg5+ Be7 25.Bxe7+ Kd7 26.Qxe6+ 1-0

[Event "HCL-B099"]
[Site "www.playchess.de"]
[Date "2001.03.09"]
[Round "1"]
[White "Hubble"]
[Black "peze"]
[WhiteElo "1731"]
[BlackElo "1762"]
[PlyCount "54"]
[Result "0-1"]

1.e4 e5 2.Nf3 Nf6 3.Nxe5 d6 4.Nf3 Nxe4 5.d4 d5 
6.Be3 Be7 7.Nbd2 O-O 8.Bd3 f5 9.O-O f4 10.Nxe4 
dxe4 11.Bc4+ Kh8 12.Ne5 fxe3 13.fxe3 Bf6 14.Qh5 
Bxe5 15.Rxf8+ Qxf8 16.Qxe5 Qd8 17.Rf1 Nd7 18.Qxe4 
Nf6 19.Qh4 h6 20.c3 b5 21.Bxb5 Rb8 22.e4 Rxb5 
23.e5 Rxb2 24.exf6 Qf8 25.fxg7+ Qxg7 26.Qd8+ Kh7 
27.Qxc8 Qxg2+ 0-1

[Event "HCL-B099"]
[Site "www.playchess.de"]
[Date "2001.03.09"]
[Round "3"]
[White "peze"]
[Black "tim_danieli"]
[WhiteElo "1762"]
[BlackElo "1844"]
[PlyCount "47"]
[Result "1-0"]

1.c4 e5 2.Nc3 Nc6 3.g3 Bc5 4.Bg2 d6 5.e3 Nf6 
6.Nge2 Be6 7.d3 Qd7 8.d4 exd4 9.exd4 Bb6 10.d5 Ng4 
11.dxc6 Bxf2+ 12.Kf1 bxc6 13.Qa4 d5 14.h3 Bd4 
15.Nxd4 Ne5 16.Bf4 Nd3 17.Qxc6 O-O 18.Qxd7 Bxd7 
19.Nxd5 Rab8 20.b4 Rbe8 21.Bxc7 Bc6 22.Nxc6 Re6 
23.Rd1 Rxc6 24.Ne7+ 1-0

[Event "HCL-B099"]
[Site "www.playchess.de"]
[Date "2001.03.09"]
[Round "4"]
[White "Hubble"]
[Black "Friarman"]
[WhiteElo "1731"]
[BlackElo "1200"]
[PlyCount "53"]
[Result "1-0"]

1.e4 e5 2.Nf3 Nc6 3.Bb5 Nf6 4.O-O Nxe4 5.Bxc6 Bc5 
6.Bxe4 d6 7.d4 exd4 8.Nxd4 Qh4 9.Nf5 Qxe4 10.Re1 
Bxf5 11.Rxe4+ Bxe4 12.Qe2 f5 13.Nc3 O-O 14.Nxe4 
fxe4 15.Be3 Bxe3 16.Qxe3 Rf6 17.Qxe4 Raf8 18.f3 c6 
19.Re1 d5 20.Qe7 R6f7 21.Qe6 a6 22.Re5 d4 23.Rf5 
c5 24.Rxc5 Kh8 25.Rc8 Kg8 26.Rxf8+ Kxf8 
27.Qc8+ 1-0

[Event "HCL-B099"]
[Site "www.playchess.de"]
[Date "2001.03.09"]
[Round "5"]
[White "Friarman"]
[Black "peze"]
[WhiteElo "1200"]
[BlackElo "1762"]
[PlyCount "58"]
[Result "0-1"]

1.e4 e5 2.Nc3 Nf6 3.Nf3 d6 4.Bb5+ c6 5.Bc4 b5 
6.Bb3 Be7 7.d3 O-O 8.Ng5 Na6 9.Nxf7 Rxf7 10.Bxf7+ 
Kxf7 11.Bg5 b4 12.Bxf6 Bxf6 13.Qh5+ Kg8 14.Ne2 Rb8 
15.O-O Be6 16.Ng3 Nc5 17.Nf5 g6 18.Qf3 gxf5 
19.exf5 Bd5 20.Qg4+ Kh8 21.Qh5 e4 22.dxe4 Nxe4 
23.Rae1 Nd2 24.Qh6 Nxf1 25.Rxf1 Bxb2 26.f6 Qxf6 
27.Qd2 Bxg2 28.Kxg2 Rg8+ 29.Kh1 
Qf3+ 0-1

[Event "HCL-B099"]
[Site "www.playchess.de"]
[Date "2001.03.09"]
[Round "6"]
[White "tim_danieli"]
[Black "Friarman"]
[WhiteElo "1844"]
[BlackElo "1200"]
[PlyCount "37"]
[Result "1-0"]

1.e4 e5 2.Nf3 Nc6 3.Bb5 Nf6 4.Nc3 Bb4 5.Bxc6 dxc6 
6.O-O Bg4 7.a3 Bxc3 8.dxc3 Qxd1 9.Rxd1 Nxe4 10.Re1 
Bf5 11.Nxe5 O-O 12.Nd3 Rae8 13.Bf4 Re7 14.f3 Nc5 
15.Rxe7 Bxd3 16.cxd3 Ne6 17.Bxc7 Nxc7 18.Rxc7 Re8 
19.Rxb7 1-0

[Event "HCL-B099"]
[Site "www.playchess.de"]
[Date "2001.03.09"]
[Round "7"]
[White "Gruhni"]
[Black "Hubble"]
[WhiteElo "1410"]
[BlackElo "1731"]
[PlyCount "25"]
[Result "1-0"]

1.e4 e5 2.Nf3 Nc6 3.Bc4 Bc5 4.c3 Nf6 5.d3 O-O 
6.O-O d5 7.exd5 Nxd5 8.Be3 Nxe3 9.fxe3 Bxe3+ 
10.Kh1 Kh8 11.Qe2 Bc5 12.Nxe5 Qe8 
13.Nxf7+ 1-0

[Event "HCL-B099"]
[Site "www.playchess.de"]
[Date "2001.03.09"]
[Round "8"]
[White "peze"]
[Black "Gruhni"]
[WhiteElo "1762"]
[BlackElo "1410"]
[PlyCount "47"]
[Result "1-0"]

1.e4 e5 2.f4 d6 3.Nf3 Bg4 4.Bc4 Nc6 5.O-O Nf6 
6.Nc3 Nd4 7.fxe5 dxe5 8.Bxf7+ Ke7 9.Nd5+ Nxd5 
10.Bxd5 Nxf3+ 11.gxf3 Bh3 12.Rf2 c6 13.Bb3 Ke8 
14.f4 Qh4 15.fxe5 Qg5+ 16.Kh1 Qxe5 17.d3 Bc5 
18.Rf7 Be6 19.Bf4 Qxb2 20.Bxe6 Rd8 21.Rb1 Qd4 
22.Qg4 Rf8 23.Qh5 g6 24.Qxh7 1-0

[Event "HCL-B099"]
[Site "www.playchess.de"]
[Date "2001.03.09"]
[Round "12"]
[White "terrydean"]
[Black "peze"]
[WhiteElo "1200"]
[BlackElo "1762"]
[PlyCount "34"]
[Result "0-1"]

1.e4 e5 2.Nf3 Nf6 3.Nc3 Nc6 4.Bc4 Nxe4 5.d3 Nxc3 
6.bxc3 d5 7.Bb5 Bd6 8.O-O O-O 9.Bxc6 bxc6 10.d4 e4 
11.Ne5 Qe8 12.Ng4 f5 13.Ne5 f4 14.c4 f3 15.gxf3 
Bxe5 16.dxe5 Bh3 17.Re1 Qg6+ 0-1

[Event "HCL-B099"]
[Site "www.playchess.de"]
[Date "2001.03.09"]
[Round "13"]
[White "tim_danieli"]
[Black "terrydean"]
[WhiteElo "1844"]
[BlackElo "1200"]
[PlyCount "47"]
[Result "1-0"]

1.e4 e5 2.Nf3 Nc6 3.Bc4 Nf6 4.c3 d6 5.d4 exd4 
6.cxd4 Nxe4 7.O-O d5 8.Nc3 Nxc3 9.bxc3 dxc4 
10.Re1+ Be7 11.d5 Nb8 12.Ba3 Be6 13.Bxe7 Qxe7 
14.dxe6 O-O 15.exf7+ Qxf7 16.Re2 Nc6 17.Ng5 Qf6 
18.Qd5+ Kh8 19.Ne6 Ne7 20.Qxc4 c6 21.Nxf8 Rxf8 
22.Rae1 Re8 23.R2e6 b5 24.Qc5 1-0

[Event "HCL-B099"]
[Site "www.playchess.de"]
[Date "2001.03.09"]
[Round "14"]
[White "terrydean"]
[Black "Friarman"]
[WhiteElo "1200"]
[BlackElo "1200"]
[PlyCount "47"]
[Result "1-0"]

1.e4 e5 2.Nf3 Nc6 3.Bc4 Nf6 4.Ng5 Qe7 5.Nxf7 Ng4 
6.Nxh8 Nxf2 7.Kxf2 Qc5+ 8.Ke1 Qxc4 9.d3 Qg8 10.Nc3 
Bb4 11.Bd2 Bxc3 12.Bxc3 Nd4 13.Rf1 Qxh8 14.Qd2 d6 
15.Bxd4 exd4 16.Qf4 Kd7 17.Qf7+ Kc6 18.Qd5+ Kd7 
19.Rf7+ Ke8 20.Kd2 c6 21.Qh5 Be6 22.Rxg7+ Kf8 
23.Rxh7 Qg8 24.Rh8 1-0

[Event "HCL-B099"]
[Site "www.playchess.de"]
[Date "2001.03.09"]
[Round "15"]
[White "Gruhni"]
[Black "terrydean"]
[WhiteElo "1410"]
[BlackElo "1200"]
[PlyCount "43"]
[Result "1-0"]

1.e4 e5 2.Nf3 Nc6 3.Bc4 Nf6 4.d3 h6 5.c3 Be7 6.O-O 
O-O 7.Re1 d6 8.h3 d5 9.Bb3 Be6 10.exd5 Bxd5 
11.Nxe5 Nxe5 12.Rxe5 Bd6 13.Rxd5 c6 14.Rf5 g6 
15.Rf3 Kg7 16.Be3 Qd7 17.Bd4 Be7 18.Nd2 c5 19.Be5 
Rad8 20.Ne4 Qc6 21.Bxf6+ Bxf6 22.Nxf6 1-0

[Event "HCL-B099"]
[Site "www.playchess.de"]
[Date "2001.03.09"]
[Round "17"]
[White "peze"]
[Black "Hicks"]
[WhiteElo "1762"]
[BlackElo "1098"]
[PlyCount "33"]
[Result "1-0"]

1.e4 b5 2.Bxb5 a6 3.Ba4 c6 4.Nc3 Qa5 5.d4 d5 
6.exd5 e6 7.Qf3 Nd7 8.dxc6 Nb6 9.c7+ Bd7 10.Qxa8+ 
Nxa8 11.c8Q+ Ke7 12.Bg5+ Qxg5 13.Qxd7+ Kf6 14.Ne4+ 
Kf5 15.Qxf7+ Kxe4 16.Qxe6+ Kf4 
17.Nh3+ 1-0

[Event "HCL-B099"]
[Site "www.playchess.de"]
[Date "2001.03.09"]
[Round "20"]
[White "Hicks"]
[Black "Gruhni"]
[WhiteElo "1098"]
[BlackElo "1410"]
[PlyCount "74"]
[Result "0-1"]

1.e3 e5 2.Qf3 Qf6 3.Nc3 c6 4.Ne4 Qxf3 5.gxf3 d5 
6.Nc3 Nf6 7.Bh3 Bxh3 8.Nxh3 Nbd7 9.f4 e4 10.Ng5 h6 
11.Nh3 O-O-O 12.b4 Bxb4 13.a3 Bxc3 14.dxc3 Nb6 
15.a4 Nc4 16.Rg1 Rhg8 17.a5 a6 18.f5 Nd6 19.c4 
Nxf5 20.c5 d4 21.Nf4 dxe3 22.Ke2 exf2 23.Kxf2 Rge8 
24.Be3 Nxe3 25.Kxe3 g5 26.Ne2 Nd5+ 27.Kd4 Nf4+ 
28.Kc4 Nxe2 29.Rge1 Nd4 30.Re3 Nxc2 31.Rae1 Nxe1 
32.Rxe1 Rd5 33.Kc3 Rxc5+ 34.Kd4 Rxa5 35.Rxe4 Ra4+ 
36.Kd3 Raxe4 37.Kc3 b5 0-1

[Event "HCL-B099"]
[Site "www.playchess.de"]
[Date "2001.03.09"]
[Round "23"]
[White "millingen"]
[Black "peze"]
[WhiteElo "1093"]
[BlackElo "1762"]
[PlyCount "46"]
[Result "0-1"]

1.d4 Nf6 2.c4 e6 3.Nf3 b6 4.Nc3 Bb4 5.Qc2 Bb7 6.a3 
Bxc3+ 7.bxc3 d6 8.g3 Bxf3 9.exf3 c5 10.Bg5 Nbd7 
11.Bg2 Rc8 12.O-O cxd4 13.cxd4 d5 14.Rac1 Rxc4 
15.Qb2 O-O 16.Rxc4 dxc4 17.Rc1 Qc7 18.Bf4 Qc6 
19.Be5 Nd5 20.g4 Rc8 21.Bg3 Qa4 22.f4 c3 23.Qa1 
Qxd4 0-1

[Event "HCL-B099"]
[Site "www.playchess.de"]
[Date "2001.03.09"]
[Round "24"]
[White "tim_danieli"]
[Black "millingen"]
[WhiteElo "1844"]
[BlackElo "1093"]
[PlyCount "29"]
[Result "1-0"]

1.e4 e5 2.d4 exd4 3.c3 dxc3 4.Nxc3 Nc6 5.Bc4 Nf6 
6.Nge2 Bc5 7.Bg5 Bxf2+ 8.Kd2 O-O 9.Rf1 Ne5 10.Qb3 
h6 11.Bxh6 gxh6 12.Rxf2 Nxc4+ 13.Qxc4 d6 14.Nd4 
Ng4 15.Rf4 1-0

[Event "HCL-B099"]
[Site "www.playchess.de"]
[Date "2001.03.09"]
[Round "25"]
[White "millingen"]
[Black "Friarman"]
[WhiteElo "1093"]
[BlackElo "1200"]
[PlyCount "46"]
[Result "0-1"]

1.d4 Nf6 2.c4 d5 3.Nf3 Bg4 4.cxd5 Bxf3 5.gxf3 Qxd5 
6.Nc3 Qa5 7.Bd2 Qb6 8.e3 e6 9.Qc2 Bb4 10.Bd3 Nd5 
11.Nxd5 exd5 12.Qa4+ Nc6 13.O-O-O O-O-O 14.Bb5 
Bxd2+ 15.Rxd2 a6 16.Bd3 Nb4 17.Rhd1 Nxd3+ 18.R2xd3 
Qh6 19.Rb3 b5 20.Qb4 Qxh2 21.a4 Qxf2 22.axb5 Kd7 
23.bxa6 Rdb8 0-1

[Event "HCL-B099"]
[Site "www.playchess.de"]
[Date "2001.03.09"]
[Round "26"]
[White "Gruhni"]
[Black "millingen"]
[WhiteElo "1410"]
[BlackElo "1093"]
[PlyCount "21"]
[Result "1-0"]

1.e4 e5 2.Nf3 Nc6 3.Bc4 Nf6 4.d3 Bc5 5.c3 O-O 
6.Bg5 h6 7.Bh4 d6 8.h3 Na5 9.Nbd2 Nxc4 10.Nxc4 b5 
11.Na5 1-0

[Event "HCL-B099"]
[Site "www.playchess.de"]
[Date "2001.03.09"]
[Round "27"]
[White "millingen"]
[Black "terrydean"]
[WhiteElo "1093"]
[BlackElo "1200"]
[PlyCount "22"]
[Result "0-1"]

1.d4 d5 2.Nf3 Nf6 3.c4 e6 4.Nc3 Bb4 5.a3 Bxc3+ 
6.bxc3 O-O 7.Bg5 h6 8.Bxf6 Qxf6 9.cxd5 exd5 10.h3 
Nc6 11.e3 a6 0-1

[Event "HCL-B099"]
[Site "www.playchess.de"]
[Date "2001.03.09"]
[Round "28"]
[White "Hicks"]
[Black "millingen"]
[WhiteElo "1098"]
[BlackElo "1093"]
[PlyCount "30"]
[Result "0-1"]

1.c3 e5 2.d4 exd4 3.Qxd4 Nc6 4.Qe3+ Be7 5.g4 Nf6 
6.Qg5 O-O 7.h4 d6 8.h5 Nxg4 9.Qf4 Nce5 10.Nf3 
Nxf3+ 11.exf3 Re8 12.Qd4 Bf6+ 13.Be2 Bxd4 14.cxd4 
Qe7 15.h6 Qxe2+ 0-1

[Event "HCL-B099"]
[Site "www.playchess.de"]
[Date "2001.03.09"]
[Round "30"]
[White "peze"]
[Black "Sturk"]
[WhiteElo "1762"]
[BlackElo "1629"]
[PlyCount "39"]
[Result "1-0"]

1.e4 e5 2.f4 exf4 3.Nf3 g5 4.h4 g4 5.Ne5 Nf6 6.d4 
d6 7.Nd3 Nxe4 8.Bxf4 Qe7 9.Be2 Bg7 10.Nc3 Nf6 
11.O-O O-O 12.Bg5 c6 13.Rf4 h6 14.Bxf6 Bxf6 
15.Bxg4 Qe3+ 16.Kh1 Bg7 17.Bxc8 Rxc8 18.Re4 Qg3 
19.Rg4 Qe3 20.Rxg7+ 1-0

[Event "HCL-B099"]
[Site "www.playchess.de"]
[Date "2001.03.09"]
[Round "31"]
[White "Sturk"]
[Black "tim_danieli"]
[WhiteElo "1629"]
[BlackElo "1844"]
[PlyCount "27"]
[Result "1/2-1/2"]

1.e4 c5 2.Nf3 Nc6 3.d4 cxd4 4.Nxd4 Nf6 5.Nc3 e5 
6.Ndb5 a6 7.Nd6+ Bxd6 8.Qxd6 Qe7 9.Qxe7+ Nxe7 
10.Bg5 O-O 11.O-O-O h6 12.Bxf6 gxf6 13.Rd6 Kg7 
14.Bd3 1/2-1/2

[Event "HCL-B099"]
[Site "www.playchess.de"]
[Date "2001.03.09"]
[Round "32"]
[White "Friarman"]
[Black "Sturk"]
[WhiteElo "1200"]
[BlackElo "1629"]
[PlyCount "42"]
[Result "0-1"]

1.e4 e5 2.Nf3 Nc6 3.Bb5 a6 4.Bxc6 dxc6 5.Nxe5 Qd4 
6.Nf3 Qxe4+ 7.Kf1 Bg4 8.d3 O-O-O 9.Nc3 Qf5 10.Bg5 
Bxf3 11.gxf3 Qxg5 12.Ne4 Qe5 13.Qd2 Qxb2 14.Re1 
Nf6 15.Nxf6 Qxf6 16.Qe3 Bd6 17.f4 Qxf4 18.Qh3+ Kb8 
19.c4 Bc5 20.Re2 Rhe8 21.Rxe8 Qxf2+ 0-1

[Event "HCL-B099"]
[Site "www.playchess.de"]
[Date "2001.03.09"]
[Round "35"]
[White "Sturk"]
[Black "Hicks"]
[WhiteElo "1629"]
[BlackElo "1098"]
[PlyCount "41"]
[Result "1-0"]

1.e4 e6 2.d4 Bb4+ 3.c3 Ba5 4.Nf3 d5 5.Bd3 a6 6.O-O 
Nf6 7.Nbd2 Ng4 8.exd5 Qxd5 9.c4 Qh5 10.Ne4 Qxh2+ 
11.Nxh2 Nf6 12.Nxf6+ gxf6 13.Qa4+ Nc6 14.d5 exd5 
15.cxd5 b5 16.Qe4+ Ne5 17.Nf3 f5 18.Qxe5+ Kd7 
19.Bxf5+ Kd8 20.Bg5+ f6 21.Bxf6+ 1-0

[Event "ACL-A069"]
[Site "www.playchess.de"]
[Date "2001.03.10"]
[Round "6"]
[White "ggaarrii"]
[Black "robert66"]
[WhiteElo "1500"]
[BlackElo "1500"]
[PlyCount "59"]
[Result "1/2-1/2"]

1.e4 e5 2.f4 d6 3.Bc4 Nf6 4.Nc3 c6 5.d4 exd4 
6.Qxd4 Be7 7.Be3 Bg4 8.e5 dxe5 9.Qxe5 Nbd7 10.Qd4 
O-O 11.h3 Bf5 12.O-O-O Nb6 13.Qxd8 Rfxd8 14.Bb3 
Rxd1+ 15.Kxd1 Ne4 16.Nge2 Rd8+ 17.Kc1 Bf6 18.Nxe4 
Bxe4 19.Rg1 Bd5 20.Bxb6 axb6 21.Bxd5 Rxd5 22.c3 b5 
23.Kc2 Kf8 24.Rd1 Rxd1 25.Kxd1 Ke7 26.Kd2 Ke6 
27.Kd3 Kd5 28.g4 h6 29.b3 b6 30.f5 {let's speed it 
up!!}  1/2-1/2

[Event "ACL-A091"]
[Site "www.playchess.de"]
[Date "2001.03.10"]
[Round "1"]
[White "peze2"]
[Black "hun"]
[WhiteElo "2012"]
[BlackElo "1620"]
[PlyCount "95"]
[Result "1-0"]

1.e4 {Hallo Laszlo, schön wieder mit Dir zu 
spielen.}  c5 {Hallo, Peter! Mein ausswahl ist 
wegen Dir auf diese Toura gefallen! Aber gegen Dir 
wird es Schwer ;)}  2.Nf3 {...immer wieder 
versuchen. So ist es richtig.}  e6 {  ;))}  3.d4 
cxd4 4.Nxd4 a6 5.Bd3 Nf6 6.O-O d6 7.c4 Be7 8.Nc3 
Qc7 9.Qe2 O-O 10.Kh1 e5 11.Nc2 Bd7 {Hallo, Peter!  
Gratuliere Dir zu dein Tournier Sieg bei Spiel: 
A-052 !!  :))}  12.Be3 {Danke Dir Laszlo. Wie 
steht Dein Spiel gegen "dmitry" ?}  Nc6 {...er 
möchte unbedingt ein gute platzierung,(ich auch) 
hoffe auf positive ende..   ;)) Gruß  L.}  13.Nd5 
{...ich wünsche Dir viel Erfolg!}  Nxd5 {...danke. 
    :)}  14.cxd5 Nd8 15.Rfc1 Rc8 16.Na3 Qb8 17.Nc4 
b5 18.Nb6 Rxc1+ 19.Rxc1 Be8 20.Qc2 Bf6 21.Qc7 Qxc7 
{...ein tausch...?  Gruß   L.    :)}  22.Rxc7 Bh4 
23.g3 {...nur so! Deine Deckung wackelt nach dem 
Tausch. Gruß Peter}  Bf6 {...  jao..  ;)}  24.Nc8 
{...Tröpfje für Tröpfje höhlt den Stein...}  h5 
{...tja,es wird knapp....  ;)  Gruß     L.}  
25.Nxd6 Kh7 26.b4 h4 27.Ra7 Kg6 28.Nxe8 Rxe8 
29.Rxa6 Re7 30.Bxb5 hxg3 31.hxg3 Rc7 32.a4 Rc2 
33.a5 Rb2 34.Rb6 Rb1+ 35.Kg2 Rd1 36.a6 {Helau! Das 
Rheinland versinkt im Karnevalschaos! Rette sich 
wer kann. ;-))}  Ra1 {HELAU!   :))}  37.Rd6 
{Hurra, ich lebe noch!!!}  Ne6 {Das ist schön, 
aber mein spiel posizio ist nicht so schön.... ;)) 
Gruß   L.}  38.dxe6 {...tja, man könnte sagen 
hoffnungslos; sorry. Gruß Peter}  Be7 {:))  , ja 
man könnte so sagen... Gruß    Laszlo}  39.Rb6 
fxe6 40.Rxe6+ Kf7 41.Bc4 Bxb4 42.Bg5 {Matt in 
einigen Zügen!}  Kf8 {ja...}  43.Rc6 g6 44.Rc8+ 
Kg7 45.Rg8+ Kh7 46.Bf6 g5 47.Bf7 {Hallo Laszlo, es 
ist soweit! Danke für die Partie und viel Glück 
für die weiteren. Gruß Peter}  Rg1+ {Hallo,Peter! 
Gratuliere Dir zum Sieg! Du bist und bleibst mein 
"angst-gegner"!   ;))   Gruß  L.  :)}  
48.Kxg1 1-0